[Event "2023 US National Elementary K-6 Championship"]
[Site "Baltimore, Maryland, United States"]
[Date "2023.05.13"]
[Round "3.4"]
[White "Peyton, Nathan"]
[Black "Luo, Wesley"]
[Result "1/2-1/2"]
[TimeControl "G/90; d10"]
[WhiteElo "1669"]
[BlackElo "2081"]

1. e4 {[%clk 01:30:00]} c5 {[%clk 01:30:00]} 2. c3 {[%clk 01:30:00]} e6 {[%clk
01:29:14]} {[%emt 00:00:03]} 3. d4 {[%clk 01:29:42]} Nf6 {[%clk 01:26:20]} 4.
Bd3 {[%clk 01:27:33]} Nc6 {[%clk 01:24:57]} 5. Nf3 {[%clk 01:27:14]} Be7 {[%clk
01:24:31]} {[%emt 00:00:04]} 6. O-O {[%clk 01:26:44]} O-O {[%clk 01:21:39]} 7.
Re1 {[%clk 01:25:04]} b6 {[%clk 01:17:59]} {[%emt 00:00:56]} 8. Bc2 {[%clk
01:21:49]} {[%emt 00:03:25]} cxd4 {[%clk 01:14:51]} {[%emt 00:03:17]} 9. Nxd4
{[%clk 01:19:30]} {[%emt 00:02:31]} Bb7 {[%clk 01:09:30]} {[%emt 00:05:30]} 10.
Nd2 {[%clk 01:15:26]} {[%emt 00:04:17]} Qc7 {[%clk 01:08:17]} {[%emt 00:01:48]}
11. N2f3 {[%clk 01:14:05]} {[%emt 00:01:02]} a6 {[%clk 01:03:00]} {[%emt
00:05:30]} 12. Bg5 {[%clk 01:13:10]} {[%emt 00:01:04]} Rac8 {[%clk 00:58:45]}
{[%emt 00:04:23]} 13. e5 {[%clk 01:11:35]} {[%emt 00:02:14]} Nxd4 {[%clk
00:56:18]} {[%emt 00:02:10]} 14. Qxd4 {[%clk 01:07:36]} {[%emt 00:04:08]} Bxf3
{[%clk 00:38:57]} {[%emt 00:17:40]} 15. exf6 {[%clk 01:04:38]} {[%emt
00:02:58]} gxf6 {[%clk 00:37:01]} {[%emt 00:02:08]} 16. Qd3 {[%clk 01:02:07]}
{[%emt 00:02:39]} Be4 {[%clk 00:29:11]} {[%emt 00:08:08]} 17. Qxe4 {[%clk
01:01:49]} {[%emt 00:00:24]} f5 {[%clk 00:29:11]} {[%emt 00:00:03]} 18. Qf4
{[%clk 01:00:36]} {[%emt 00:01:48]} f6 {[%clk 00:25:22]} {[%emt 00:03:31]} 19.
Qxc7 {[%clk 00:59:45]} {[%emt 00:01:11]} Rxc7 {[%clk 00:25:22]} 20. Be3 {[%clk
00:58:29]} {[%emt 00:01:18]} Rc6 {[%clk 00:23:35]} {[%emt 00:02:00]} 21. Bh6
{[%clk 00:56:21]} {[%emt 00:02:15]} Rf7 {[%clk 00:22:13]} {[%emt 00:01:44]} 22.
Re2 {[%clk 00:55:36]} {[%emt 00:00:44]} Bd6 {[%clk 00:19:39]} {[%emt 00:02:43]}
23. Rd1 {[%clk 00:54:13]} {[%emt 00:01:40]} Be5 {[%clk 00:18:28]} {[%emt
00:01:12]} 24. g3 {[%clk 00:49:43]} {[%emt 00:04:40]} d5 {[%clk 00:15:50]}
{[%emt 00:02:48]} 25. Kg2 {[%clk 00:48:43]} {[%emt 00:01:11]} Rfc7 {[%clk
00:12:31]} {[%emt 00:03:20]} 26. f4 {[%clk 00:47:53]} {[%emt 00:01:19]} Bd6
{[%clk 00:11:36]} {[%emt 00:01:10]} 27. Rxe6 {[%clk 00:46:50]} {[%emt
00:01:03]} Kf7 {[%clk 00:11:36]} 28. Bxf5 {[%clk 00:46:24]} {[%emt 00:00:35]}
d4 {[%clk 00:09:27]} {[%emt 00:02:22]} 29. Rxd4 {[%clk 00:45:39]} {[%emt
00:00:53]} Rc5 {[%clk 00:09:27]} {[%emt 00:00:11]} 30. g4 {[%clk 00:45:13]}
{[%emt 00:00:29]} Be7 {[%clk 00:08:34]} {[%emt 00:01:21]} 31. Rxb6 {[%clk
00:44:54]} {[%emt 00:00:11]} Ra5 {[%clk 00:08:31]} {[%emt 00:00:19]} 32. b4
{[%clk 00:41:06]} {[%emt 00:03:55]} Rxa2+ {[%clk 00:08:24]} {[%emt 00:00:12]}
33. Kg3 {[%clk 00:39:42]} {[%emt 00:01:36]} Rxc3+ {[%clk 00:08:24]} {[%emt
00:00:20]} 34. Rd3 {[%clk 00:37:28]} {[%emt 00:02:10]} Rxd3+ {[%clk 00:08:20]}
{[%emt 00:00:23]} 35. Bxd3 {[%clk 00:37:28]} {[%emt 00:00:14]} Ra3 {[%clk
00:08:20]} 36. Kg2 {[%clk 00:37:01]} {[%emt 00:00:28]} Rxd3 {[%clk 00:08:13]}
{[%emt 00:00:32]} 37. g5 {[%clk 00:35:42]} {[%emt 00:01:15]} Rd6 {[%clk
00:04:51]} {[%emt 00:03:29]} 38. Rb7 {[%clk 00:35:11]} {[%emt 00:00:45]} f5
{[%clk 00:02:19]} {[%emt 00:02:41]} 39. b5 {[%clk 00:33:02]} {[%emt 00:02:20]}
axb5 {[%clk 00:01:17]} {[%emt 00:01:27]} 40. Rxb5 {[%clk 00:29:01]} {[%emt
00:03:57]} Kg6 {[%clk 00:01:17]} {[%emt 00:00:04]} 41. Rb3 {[%clk 00:26:42]}
1/2-1/2

[Event "2023 US National Elementary K-6 Championship"]
[Site "Baltimore, Maryland, United States"]
[Date "2023.05.13"]
[Round "3.3"]
[White "Rajaram, Rohan"]
[Black "Ho, Charles"]
[Result "1-0"]
[TimeControl "G/90; d10"]
[WhiteElo "2100"]
[BlackElo "1687"]

1. d4 {[%clk 01:29:59]} d5 {[%clk 01:30:00]} 2. c4 {[%clk 01:29:59]} c6 {[%clk
01:30:00]} {[%emt 00:01:15]} 3. Nf3 {[%clk 01:29:59]} Nf6 {[%clk 01:30:00]} 4.
Qc2 {[%clk 01:29:59]} e6 {[%clk 01:29:53]} 5. g3 {[%clk 01:29:58]} Nbd7 {[%clk
01:29:44]} {[%emt 00:00:04]} 6. Nbd2 {[%clk 01:29:47]} Bd6 {[%clk 01:28:48]} 7.
Bg2 {[%clk 01:29:47]} O-O {[%clk 01:28:27]} 8. O-O {[%clk 01:29:47]} {[%emt
00:00:04]} Re8 {[%clk 01:28:00]} 9. b3 {[%clk 01:29:28]} Nf8 {[%clk 01:26:30]}
10. Bb2 {[%clk 01:27:55]} Ng6 {[%clk 01:25:37]} 11. Rad1 {[%clk 01:24:47]} Qe7
{[%clk 01:23:02]} 12. e4 {[%clk 01:22:29]} dxe4 {[%clk 01:21:00]} {[%emt
00:00:03]} 13. Nxe4 {[%clk 01:22:29]} {[%emt 00:00:06]} Nxe4 {[%clk 01:19:12]}
{[%emt 00:01:53]} 14. Qxe4 {[%clk 01:22:16]} {[%emt 00:00:23]} a5 {[%clk
01:15:32]} {[%emt 00:03:48]} 15. c5 {[%clk 01:15:19]} {[%emt 00:07:07]} Bc7
{[%clk 01:14:57]} {[%emt 00:01:26]} 16. a4 {[%clk 01:15:17]} Bd7 {[%clk
01:13:06]} {[%emt 00:01:35]} 17. Qd3 {[%clk 01:11:30]} {[%emt 00:04:26]} Rad8
{[%clk 01:11:31]} {[%emt 00:01:12]} 18. Qc3 {[%clk 01:10:21]} {[%emt 00:01:22]}
Qf8 {[%clk 01:08:01]} {[%emt 00:03:38]} 19. Rfe1 {[%clk 01:07:46]} {[%emt
00:02:52]} Bc8 {[%clk 01:06:22]} {[%emt 00:01:55]} 20. Qc2 {[%clk 01:01:40]}
{[%emt 00:06:02]} h6 {[%clk 01:03:45]} {[%emt 00:02:48]} 21. h4 {[%clk
00:58:18]} {[%emt 00:03:36]} Ne7 {[%clk 01:00:58]} {[%emt 00:02:54]} 22. Nd2
{[%clk 00:56:45]} {[%emt 00:01:45]} Nd5 {[%clk 00:59:50]} {[%emt 00:01:27]} 23.
Nc4 {[%clk 00:56:07]} {[%emt 00:00:35]} Bd7 {[%clk 00:57:43]} {[%emt 00:02:26]}
24. Qd2 {[%clk 00:52:47]} {[%emt 00:03:21]} Ra8 {[%clk 00:57:09]} {[%emt
00:00:45]} 25. Bc3 {[%clk 00:52:23]} {[%emt 00:00:34]} Nxc3 {[%clk 00:56:54]}
{[%emt 00:00:53]} 26. Qxc3 {[%clk 00:52:23]} {[%emt 00:00:04]} Qe7 {[%clk
00:47:40]} {[%emt 00:09:39]} 27. Re2 {[%clk 00:46:07]} {[%emt 00:06:06]} Qf6
{[%clk 00:44:12]} {[%emt 00:03:15]} 28. Rde1 {[%clk 00:43:25]} {[%emt
00:02:55]} Rad8 {[%clk 00:42:08]} {[%emt 00:02:12]} 29. Ne5 {[%clk 00:37:21]}
{[%emt 00:06:17]} Bc8 {[%clk 00:35:37]} {[%emt 00:06:41]} 30. Re3 {[%clk
00:36:34]} {[%emt 00:00:55]} Qe7 {[%clk 00:34:37]} {[%emt 00:01:10]} 31. Nc4
{[%clk 00:35:06]} {[%emt 00:01:36]} Rd7 {[%clk 00:31:45]} {[%emt 00:03:04]} 32.
Rd3 {[%clk 00:31:04]} {[%emt 00:04:12]} Qd8 {[%clk 00:30:26]} {[%emt 00:01:29]}
33. Red1 {[%clk 00:30:40]} {[%emt 00:00:37]} f6 {[%clk 00:24:27]} {[%emt
00:06:10]} 34. R3d2 {[%clk 00:29:12]} {[%emt 00:01:34]} f5 {[%clk 00:16:55]}
{[%emt 00:07:43]} 35. Ne5 {[%clk 00:28:19]} {[%emt 00:01:01]} Bxe5 {[%clk
00:16:51]} {[%emt 00:00:14]} 36. dxe5 {[%clk 00:28:19]} {[%emt 00:00:49]} Ree7
{[%clk 00:15:08]} {[%emt 00:01:18]} 37. Rd6 {[%clk 00:27:48]} {[%emt 00:00:34]}
Kf7 {[%clk 00:13:44]} {[%emt 00:01:40]} 38. Qc4 {[%clk 00:26:11]} {[%emt
00:01:48]} Qe8 {[%clk 00:12:34]} {[%emt 00:01:13]} 39. Qc3 {[%clk 00:24:42]}
{[%emt 00:01:42]} Qd8 {[%clk 00:12:34]} {[%emt 00:00:07]} 40. Qf3 {[%clk
00:24:30]} {[%emt 00:00:22]} Rxd6 {[%clk 00:11:42]} {[%emt 00:01:02]} 41. cxd6
{[%clk 00:23:04]} {[%emt 00:01:37]} Rd7 {[%clk 00:11:24]} {[%emt 00:00:32]} 42.
g4 {[%clk 00:23:03]} {[%emt 00:00:08]} g6 {[%clk 00:10:58]} {[%emt 00:00:36]}
43. gxf5 {[%clk 00:23:03]} {[%emt 00:00:34]} gxf5 {[%clk 00:10:20]} {[%emt
00:00:20]} 44. Qh5+ {[%clk 00:23:03]} {[%emt 00:00:10]} Kg7 {[%clk 00:10:20]}
{[%emt 00:00:12]} 45. Rd3 {[%clk 00:23:03]} {[%emt 00:00:04]} Kh7 {[%clk
00:10:14]} {[%emt 00:00:13]} 46. Rg3 {[%clk 00:20:06]} {[%emt 00:03:03]} Rg7
{[%clk 00:10:14]} {[%emt 00:00:18]} 47. Rxg7+ {[%clk 00:18:17]} {[%emt
00:02:27]} Kxg7 {[%clk 00:10:14]} 48. Qd1 {[%clk 00:18:11]} {[%emt 00:00:08]}
Bd7 {[%clk 00:09:27]} {[%emt 00:00:31]} 49. Qd4 {[%clk 00:17:47]} {[%emt
00:00:34]} Kg6 {[%clk 00:08:47]} {[%emt 00:00:50]} 50. Kh2 {[%clk 00:16:48]}
{[%emt 00:01:13]} Kh7 {[%clk 00:08:01]} {[%emt 00:00:53]} 51. Kh3 {[%clk
00:16:08]} {[%emt 00:00:59]} Be8 {[%clk 00:07:31]} {[%emt 00:00:29]} 52. Qa7
{[%clk 00:15:45]} {[%emt 00:00:33]} Qc8 {[%clk 00:06:05]} {[%emt 00:01:37]} 53.
Qxa5 {[%clk 00:15:14]} {[%emt 00:00:44]} Bh5 {[%clk 00:06:00]} 1-0

[Event "2023 US National Elementary K-6 Championship"]
[Site "Baltimore, Maryland, United States"]
[Date "2023.05.13"]
[Round "3.15"]
[White "Yue, Tariq"]
[Black "Weyman, Grant"]
[Result "1-0"]
[TimeControl "G/90; d10"]
[WhiteElo "2041"]
[BlackElo "1557"]

1. Nf3 {[%clk 01:30:00]} d5 {[%clk 01:30:00]} {[%emt 00:00:13]} 2. d4 {[%clk
01:30:00]} {[%emt 00:00:03]} e6 {[%clk 01:29:40]} {[%emt 00:00:30]} 3. Bf4
{[%clk 01:29:55]} {[%emt 00:00:16]} Nf6 {[%clk 01:29:27]} {[%emt 00:00:23]} 4.
e3 {[%clk 01:29:32]} {[%emt 00:00:33]} Bd6 {[%clk 01:29:21]} {[%emt 00:00:17]}
5. Bg3 {[%clk 01:27:37]} {[%emt 00:02:05]} O-O {[%clk 01:28:38]} {[%emt
00:00:53]} 6. Bd3 {[%clk 01:27:23]} {[%emt 00:00:25]} c6 {[%clk 01:26:00]}
{[%emt 00:02:47]} 7. Nbd2 {[%clk 01:26:49]} {[%emt 00:00:43]} Qc7 {[%clk
01:24:09]} {[%emt 00:02:02]} 8. Ne5 {[%clk 01:22:38]} {[%emt 00:06:21]} Nbd7
{[%clk 01:20:33]} {[%emt 00:01:46]} 9. f4 {[%clk 01:19:51]} {[%emt 00:02:57]}
b6 {[%clk 01:15:46]} {[%emt 00:04:58]} 10. O-O {[%clk 01:18:03]} {[%emt
00:01:58]} a5 {[%clk 01:14:00]} {[%emt 00:01:56]} 11. Qe2 {[%clk 01:14:00]}
{[%emt 00:04:12]} Re8 {[%clk 01:05:09]} {[%emt 00:09:00]} 12. Bh4 {[%clk
01:07:11]} {[%emt 00:07:01]} Be7 {[%clk 01:01:38]} {[%emt 00:03:40]} 13. Rf3
{[%clk 01:01:01]} {[%emt 00:06:20]} g6 {[%clk 00:52:51]} {[%emt 00:08:57]} 14.
Rh3 {[%clk 00:54:25]} {[%emt 00:06:46]} Kg7 {[%clk 00:48:56]} {[%emt 00:04:05]}
15. Bg5 {[%clk 00:49:45]} {[%emt 00:04:51]} h5 {[%clk 00:43:54]} {[%emt
00:05:12]} 16. g4 {[%clk 00:45:10]} {[%emt 00:04:45]} Nxg4 {[%clk 00:42:12]}
{[%emt 00:01:51]} 17. Nxg4 {[%clk 00:43:52]} {[%emt 00:01:28]} Bxg5 {[%clk
00:42:07]} {[%emt 00:00:14]} 18. fxg5 {[%clk 00:43:22]} {[%emt 00:00:42]} hxg4
{[%clk 00:40:56]} {[%emt 00:01:20]} 19. Qxg4 {[%clk 00:42:46]} {[%emt
00:00:45]} Qd8 {[%clk 00:38:52]} {[%emt 00:02:13]} 20. Rf1 {[%clk 00:39:13]}
{[%emt 00:03:44]} Rh8 {[%clk 00:25:31]} {[%emt 00:13:31]} 21. Rhf3 {[%clk
00:37:10]} {[%emt 00:02:13]} Rh5 {[%clk 00:21:50]} {[%emt 00:03:49]} 22. Rxf7+
{[%clk 00:35:57]} {[%emt 00:01:26]} Kh8 {[%clk 00:20:47]} {[%emt 00:01:12]} 23.
h4 {[%clk 00:33:02]} {[%emt 00:03:06]} Qg8 {[%clk 00:17:23]} {[%emt 00:03:32]}
24. Qxe6 {[%clk 00:30:24]} {[%emt 00:02:49]} Nf8 {[%clk 00:15:44]} {[%emt
00:01:49]} 25. Qf6+ {[%clk 00:30:22]} 1-0

[Event "2023 US National Elementary K-6 Championship"]
[Site "Baltimore, Maryland, United States"]
[Date "2023.05.13"]
[Round "3.2"]
[White "Lee, Rohan"]
[Black "Das, Aditeya"]
[Result "1-0"]
[TimeControl "G/90; d10"]
[WhiteElo "1714"]
[BlackElo "2146"]

1. e4 {[%clk 01:30:00]} c5 {[%clk 01:30:00]} 2. Nf3 {[%clk 01:30:00]} d6 {[%clk
01:30:00]} 3. d4 {[%clk 01:30:00]} cxd4 {[%clk 01:30:00]} 4. Nxd4 {[%clk
01:30:00]} Nf6 {[%clk 01:30:00]} 5. Nc3 {[%clk 01:30:00]} a6 {[%clk 01:29:51]}
6. Bg5 {[%clk 01:30:00]} e6 {[%clk 01:29:18]} 7. f4 {[%clk 01:30:00]} Be7
{[%clk 01:29:16]} 8. Qf3 {[%clk 01:30:00]} Nbd7 {[%clk 01:26:33]} 9. O-O-O
{[%clk 01:30:00]} Qc7 {[%clk 01:26:10]} 10. Bd3 {[%clk 01:29:50]} b5 {[%clk
01:24:05]} 11. Rhe1 {[%clk 01:29:46]} Bb7 {[%clk 01:24:05]} 12. Qg3 {[%clk
01:27:11]} O-O-O {[%clk 01:18:09]} 13. Bxb5 {[%clk 01:20:52]} {[%emt 00:05:08]}
axb5 {[%clk 01:16:11]} {[%emt 00:02:08]} 14. e5 {[%clk 01:20:33]} {[%emt
00:00:29]} dxe5 {[%clk 01:13:23]} {[%emt 00:03:03]} 15. fxe5 {[%clk 01:20:33]}
{[%emt 00:00:03]} b4 {[%clk 00:57:09]} {[%emt 00:16:26]} 16. Ncb5 {[%clk
01:17:46]} {[%emt 00:02:54]} Qa5 {[%clk 00:53:42]} {[%emt 00:03:44]} 17. exf6
{[%clk 01:16:52]} {[%emt 00:00:56]} gxf6 {[%clk 00:53:36]} {[%emt 00:00:30]} 18.
Bf4 {[%clk 01:03:17]} {[%emt 00:13:32]} Rhg8 {[%clk 00:50:18]} {[%emt
00:03:28]} 19. Qe3 {[%clk 00:55:07]} {[%emt 00:08:24]} e5 {[%clk 00:49:14]}
{[%emt 00:01:09]} 20. Qd3 {[%clk 00:50:46]} {[%emt 00:04:31]} Nc5 {[%clk
00:44:12]} {[%emt 00:05:13]} 21. Qf5+ {[%clk 00:46:44]} {[%emt 00:04:13]} Rd7
{[%clk 00:43:35]} {[%emt 00:00:45]} 22. Bxe5 {[%clk 00:41:30]} {[%emt
00:05:24]} fxe5 {[%clk 00:42:43]} {[%emt 00:01:02]} 23. Rxe5 {[%clk 00:41:28]}
{[%emt 00:00:27]} Kd8 {[%clk 00:25:04]} {[%emt 00:17:35]} 24. Rxe7 {[%clk
00:37:15]} {[%emt 00:04:25]} Kxe7 {[%clk 00:24:49]} {[%emt 00:00:22]} 25. Qxc5+
{[%clk 00:36:20]} {[%emt 00:01:05]} Kd8 {[%clk 00:24:35]} {[%emt 00:00:27]} 26.
Nb3 {[%clk 00:32:19]} {[%emt 00:04:06]} Rxd1+ {[%clk 00:23:49]} {[%emt
00:01:12]} 27. Kxd1 {[%clk 00:32:19]} {[%emt 00:00:07]} Qa6 {[%clk 00:23:45]}
{[%emt 00:00:06]} 28. Qc7+ {[%clk 00:32:09]} {[%emt 00:00:15]} Ke8 {[%clk
00:23:45]} {[%emt 00:00:13]} 29. Nd6+ {[%emt 00:01:25]} 1-0

[Event "2023 US National Elementary K-6 Championship"]
[Site "Baltimore, Maryland, United States"]
[Date "2023.05.13"]
[Round "3.8"]
[White "Liu, Aiden"]
[Black "Fang, Arabella"]
[Result "1-0"]
[TimeControl "G/90; d10"]
[WhiteElo "2192"]
[BlackElo "1775"]

1. e4 {[%clk 01:30:00]} {[%emt 00:00:05]} c5 {[%clk 01:30:00]} {[%emt
00:00:05]} 2. Nf3 {[%clk 01:30:00]} {[%emt 00:00:02]} e6 {[%clk 01:30:00]}
{[%emt 00:00:05]} 3. d4 {[%clk 01:30:00]} {[%emt 00:00:03]} cxd4 4. Nxd4 {[%clk
01:30:00]} Nc6 {[%clk 01:30:00]} {[%emt 00:00:04]} 5. Nc3 {[%clk 01:30:00]}
{[%emt 00:00:05]} Qc7 {[%clk 01:30:00]} {[%emt 00:00:04]} 6. Be2 {[%clk
01:30:00]} {[%emt 00:00:09]} a6 {[%clk 01:29:50]} {[%emt 00:00:21]} 7. Nxc6
{[%clk 01:29:57]} {[%emt 00:00:13]} bxc6 {[%clk 01:29:49]} {[%emt 00:00:11]} 8.
Qd3 {[%clk 01:29:57]} {[%emt 00:00:04]} Nf6 {[%clk 01:23:49]} {[%emt 00:06:11]}
9. Qg3 {[%clk 01:27:57]} {[%emt 00:02:09]} Qxg3 {[%clk 01:21:28]} {[%emt
00:02:32]} 10. hxg3 {[%clk 01:27:57]} {[%emt 00:00:08]} Bb4 {[%clk 01:19:21]}
{[%emt 00:04:56]} 11. Bd2 {[%clk 01:27:21]} d5 {[%clk 01:13:47]} {[%emt
00:03:51]} 12. g4 {[%clk 01:27:00]} {[%emt 00:00:30]} O-O {[%clk 01:10:26]}
{[%emt 00:03:31]} 13. e5 {[%clk 01:25:15]} {[%emt 00:01:56]} Nd7 {[%clk
01:08:54]} {[%emt 00:01:41]} 14. f4 {[%clk 01:25:06]} {[%emt 00:00:19]} Nc5
{[%clk 01:06:30]} {[%emt 00:02:34]} 15. O-O-O {[%clk 01:22:18]} {[%emt
00:02:58]} Bxc3 {[%clk 01:01:10]} {[%emt 00:05:29]} 16. Bxc3 {[%clk 01:22:01]}
{[%emt 00:00:28]} Ne4 {[%clk 01:00:15]} {[%emt 00:01:05]} 17. Rh4 {[%clk
01:13:07]} {[%emt 00:09:03]} g6 {[%clk 00:41:36]} {[%emt 00:18:49]} 18. Rd3
{[%clk 01:09:24]} {[%emt 00:03:51]} Kg7 {[%clk 00:38:09]} {[%emt 00:03:38]} 19.
Rdh3 {[%clk 01:03:42]} {[%emt 00:05:53]} Rh8 {[%clk 00:37:15]} {[%emt
00:01:04]} 20. Ba5 {[%clk 01:02:09]} {[%emt 00:01:43]} Bd7 {[%clk 00:32:03]}
{[%emt 00:05:23]} 21. Bf3 {[%clk 01:00:18]} {[%emt 00:02:01]} Nc5 {[%clk
00:26:04]} {[%emt 00:06:09]} 22. Bb4 {[%clk 00:59:56]} {[%emt 00:00:30]} Ne4
{[%clk 00:15:51]} {[%emt 00:10:24]} 23. Bxe4 {[%clk 00:59:56]} {[%emt
00:00:09]} dxe4 {[%clk 00:15:48]} {[%emt 00:00:14]} 24. Be7 {[%clk 00:59:56]}
{[%emt 00:00:03]} Kg8 {[%clk 00:14:56]} {[%emt 00:01:02]} 25. Bf6 {[%clk
00:59:56]} {[%emt 00:00:09]} h5 {[%clk 00:14:56]} {[%emt 00:00:05]} 26. Bxh8
{[%clk 00:59:52]} {[%emt 00:00:14]} Kxh8 {[%clk 00:14:51]} {[%emt 00:00:15]} 27.
gxh5 {[%clk 00:59:52]} {[%emt 00:00:04]} Rg8 {[%clk 00:12:11]} {[%emt
00:02:51]} 28. hxg6+ {[%clk 00:59:48]} {[%emt 00:00:14]} Kg7 {[%clk 00:12:11]}
{[%emt 00:00:04]} 29. Rh7+ {[%clk 00:59:48]} {[%emt 00:00:08]} Kxg6 {[%clk
00:12:10]} {[%emt 00:00:12]} 30. R3h6+ {[%clk 00:59:48]} {[%emt 00:00:04]} 1-0

[Event "2023 US National Elementary K-6 Championship"]
[Site "Baltimore, Maryland, United States"]
[Date "2023.05.13"]
[Round "3.7"]
[White "Zhuang, Kyle"]
[Black "Jiminez Leyva, Diego"]
[Result "1-0"]
[TimeControl "G/90; d10"]
[WhiteElo "1964"]
[BlackElo "1644"]

1. e4 {[%clk 01:30:00]} {[%emt 00:00:06]} c5 {[%clk 01:30:00]} {[%emt
00:00:06]} 2. Nf3 {[%clk 01:30:00]} {[%emt 00:00:04]} Nc6 {[%clk 01:30:00]}
{[%emt 00:00:05]} 3. Bb5 {[%clk 01:30:00]} {[%emt 00:00:06]} e5 {[%clk
01:29:40]} {[%emt 00:00:29]} 4. O-O {[%clk 01:30:00]} {[%emt 00:00:08]} Nge7
{[%clk 01:29:37]} {[%emt 00:00:13]} 5. c3 {[%clk 01:30:00]} {[%emt 00:00:05]}
g6 {[%clk 01:29:16]} {[%emt 00:00:31]} 6. d4 {[%clk 01:29:07]} {[%emt
00:01:03]} cxd4 {[%clk 01:25:32]} {[%emt 00:03:55]} 7. cxd4 {[%clk 01:29:07]}
{[%emt 00:00:04]} exd4 {[%clk 01:24:56]} {[%emt 00:00:46]} 8. Nxd4 {[%clk
01:24:43]} {[%emt 00:04:33]} Bg7 {[%clk 01:21:18]} {[%emt 00:05:20]} 9. Nxc6
{[%clk 01:23:23]} dxc6 {[%clk 01:17:21]} {[%emt 00:04:06]} 10. Bc4 {[%clk
01:21:02]} {[%emt 00:02:31]} Qxd1 {[%clk 01:11:19]} {[%emt 00:06:11]} 11. Rxd1
{[%clk 01:21:02]} {[%emt 00:00:05]} O-O {[%clk 01:11:09]} {[%emt 00:00:21]} 12.
Nc3 {[%clk 01:20:12]} {[%emt 00:00:59]} Be6 {[%clk 01:06:57]} {[%emt 00:04:23]}
13. Bxe6 {[%clk 01:19:11]} {[%emt 00:01:10]} fxe6 {[%clk 01:06:53]} {[%emt
00:00:15]} 14. Bg5 {[%clk 01:14:11]} {[%emt 00:05:09]} Nc8 {[%clk 01:05:25]}
{[%emt 00:01:38]} 15. Na4 {[%clk 00:56:10]} {[%emt 00:18:11]} h6 {[%clk
00:54:24]} {[%emt 00:11:12]} 16. Be3 {[%clk 00:55:32]} {[%emt 00:00:46]} b6
{[%clk 00:48:58]} {[%emt 00:05:37]} 17. Rac1 {[%clk 00:51:24]} {[%emt
00:04:18]} c5 {[%clk 00:46:56]} {[%emt 00:02:13]} 18. f4 {[%clk 00:46:37]}
{[%emt 00:04:56]} h5 {[%clk 00:34:03]} {[%emt 00:13:03]} 19. b4 {[%clk
00:42:57]} {[%emt 00:03:51]} c4 {[%clk 00:27:41]} {[%emt 00:06:32]} 20. Rd7
{[%clk 00:35:22]} {[%emt 00:07:44]} e5 {[%clk 00:23:14]} {[%emt 00:04:37]} 21.
fxe5 {[%clk 00:34:08]} {[%emt 00:01:24]} b5 {[%clk 00:20:17]} {[%emt 00:03:07]}
22. Nc3 {[%clk 00:32:24]} {[%emt 00:01:54]} a6 {[%clk 00:19:04]} {[%emt
00:01:24]} 23. Bd4 {[%clk 00:30:48]} {[%emt 00:01:46]} Re8 {[%clk 00:18:38]}
{[%emt 00:00:36]} 24. Nd5 {[%clk 00:28:54]} {[%emt 00:02:04]} Bxe5 {[%clk
00:16:25]} {[%emt 00:02:22]} 25. Nc7 {[%clk 00:28:27]} {[%emt 00:00:39]} Bxd4+
{[%clk 00:11:29]} {[%emt 00:05:05]} 26. Rxd4 {[%clk 00:28:27]} {[%emt
00:00:03]} Nb6 {[%clk 00:11:29]} {[%emt 00:00:09]} 27. Nxa8 {[%clk 00:28:26]}
{[%emt 00:00:12]} Rxa8 {[%clk 00:11:18]} {[%emt 00:00:21]} 28. Rd6 {[%clk
00:28:26]} {[%emt 00:00:06]} Na4 {[%clk 00:11:18]} {[%emt 00:00:07]} 29. Rxg6+
{[%clk 00:28:26]} {[%emt 00:00:06]} Kf7 {[%clk 00:11:17]} {[%emt 00:00:11]} 30.
Rd6 {[%clk 00:28:07]} {[%emt 00:00:28]} c3 {[%clk 00:10:08]} {[%emt 00:01:20]}
31. Kf2 {[%clk 00:28:02]} {[%emt 00:00:14]} Rc8 {[%clk 00:09:43]} {[%emt
00:00:35]} 32. Ke3 {[%clk 00:27:17]} {[%emt 00:00:55]} Nb2 {[%clk 00:08:56]}
{[%emt 00:00:57]} 33. Rxa6 {[%clk 00:26:13]} {[%emt 00:01:14]} Rd8 {[%clk
00:08:10]} {[%emt 00:00:56]} 34. Rc2 {[%clk 00:24:52]} {[%emt 00:01:32]} Nc4+
{[%clk 00:06:07]} {[%emt 00:02:12]} 35. Ke2 {[%clk 00:24:48]} {[%emt 00:00:11]}
1-0